Yugioh Classic Cards - Statistics

General Stats
  • This quiz has been taken 314 times
  • The average score is 14 of 25
Answer Stats
Card Text Card Type Card % Correct
The ultimate wizard in terms of attack and defense Monster Dark Magician
99%
This legendary dragon is a powerful engine of destruction. Virtually invincible, very few have faced this awesome creature and lived to tell the tale Monster Blue Eyes White Dragon
98%
Draw 2 Cards Magic Pot of Greed
76%
A ferocious dragon with a deadly attack Monster Red Eyes Black Dragon
74%
During damage calculation, if your opponent's monster attacks (Quick Effect): You can discard this card; you take no battle damage from that battle. Monster Kuriboh
72%
Target 1 monster in either GY; Special Summon it. Magic Monster Reborn
70%
Trap Cards, and their effects on the field, cannot be activated. Negate all Trap effects on the field. Monster Jinzo
68%
Destroy all monsters on the field. Magic Dark Hole
65%
Fusion Summon 1 Fusion Monster from your Extra Deck, using monsters from your hand or field as Fusion Material. Magic Polymerization
60%
Once per turn: You can toss a coin and call it. If you call it right, destroy all monsters your opponent controls. If you call it wrong, destroy as many monsters you control as possible, and if you do, take damage equal to half the total ATK those destroyed monsters had while face-up on the field. Monster Time Wizard
60%
Draw 3 cards, then discard 2 cards. Magic Graceful Charity
59%
FLIP: Target 1 monster on the field; destroy that target. Monster Man-Eater Bug
57%
When an opponent's monster declares an attack: Destroy all your opponent's Attack Position monsters. Trap Mirror Force
57%
Destroy all monsters your opponent controls. Magic Raigeki
55%
Destroy all Spells and Traps your opponent controls. Magic Harpie's Feather Duster
52%
Target 1 Spell/Trap on the field; destroy that target. Magic Mystical Space Typhoon
52%
When an opponent's monster declares an attack: Target the attacking monster; negate the attack, then end the Battle Phase. Trap Negate Attack
45%
A fiend with dark powers for confusing the enemy. Among the Fiend-Type monsters, this monster boasts considerable force. Monster Summoned Skull
45%
A genie of the lamp that is at the beck and call of its master. Monster La Jinn the Mystical Genie of the Lamp
41%
Destroy all Spell and Trap Cards on the field. Magic Heavy Storm
40%
When an opponent's monster declares an attack: Target the attacking monster; negate the attack, and if you do, inflict damage to your opponent equal to its ATK. Trap Magic Cylinder
39%
When your opponent Normal or Flip Summons 1 monster with 1000 or more ATK: Target that monster; destroy that target. Trap Trap Hole
39%
Tribute 1 DARK monster with 1000 or less ATK. Check all monsters on your opponent's side of the field, your opponent's hand, and all cards they draw (until the end of your opponent's 3rd turn after this card's activation), and destroy all monsters with 1500 or more ATK. (Original Text) Trap Crush Card Virus
32%
Activate this card by paying 1000 LP. Negate the effects of all face-up monsters while they are face-up on the field (but their effects can still be activated). Trap Skill Drain
23%
Until the End Phase, all effects that add or subtract ATK or DEF are reversed. Trap Reverse Trap
7%
No matching quizzes found
Score Distribution
Percent of People with Each Score
Percentile by Number Answered
Your Score History
You have not taken this quiz